000 00469nam a2200205Ia 4500
008 210210b1941 xxu||||| |||| 00| 0 eng d
041 _aeng
082 _a335/224
100 _aMUKERJEE (R)
245 _aEconomic problems of India Vol II
260 _aLondon
_bMacmillan & Co. Ltd.
_c1941
650 _aVol
650 _aproblems
650 _aof
650 _aIndia
650 _aII
650 _aEconomic
690 _aIndian Economics
906 _a004566
999 _c126527
_d126527